[Event "IECG CP.2000.P.00066"]
[Site "IECG email"]
[Date "2000.10.01"]
[Round "?"]
[White "Knuutila, Pekka"]
[Black "Krensing, Jan"]
[Result "0-1"]
[WhiteElo "1000"]
[BlackElo "1887"]
[PlyCount "32"]
[EventDate "2000.10.01"]
[EventType "tourn (corr)"]
[EventRounds "6"]
[EventCountry "ITA"]
[SourceTitle "Corr 2008"]
[Source "ChessBase"]
[SourceDate "2008.06.24"]
[SourceVersion "1"]
[SourceVersionDate "2008.06.24"]
[SourceQuality "1"]

1. e4 c5 2. Nf3 Nc6 3. d4 cxd4 4. Nxd4 g6 5. c4 Bg7 6. Be3 Nf6 7. Nc3 0-0 8. Be2 d6 9. 0-0 Bd7 10. Qd2 Nxd4 11. Bxd4 Bc6 12. f3 Nd7 13. Bxg7 Kxg7 14. b4 Qb6+ 15. c5 Qxb4 16. Rfb1 Qxc5+ 0-1

[Event "IECG CP.2000.P.00066"]
[Site "IECG email"]
[Date "2000.10.01"]
[Round "?"]
[White "Raffaele, Enzo"]
[Black "Knuutila, Pekka"]
[Result "1-0"]
[WhiteElo "2242"]
[BlackElo "1000"]
[PlyCount "39"]
[EventDate "2000.10.01"]
[EventType "tourn (corr)"]
[EventRounds "6"]
[EventCountry "ITA"]
[SourceTitle "Corr 2008"]
[Source "ChessBase"]
[SourceDate "2008.06.24"]
[SourceVersion "1"]
[SourceVersionDate "2008.06.24"]
[SourceQuality "1"]

1. e4 c5 2. c3 d5 3. exd5 Qxd5 4. d4 Nf6 5. Nf3 Bg4 6. Qa4+ Nbd7 7. Be3 Bxf3 8. gxf3 Qxf3 9. Rg1 cxd4 10. cxd4 Qc6 11. Qxc6 bxc6 12. Nd2 e5 13. dxe5 Nxe5 14. Bd4 Neg4 15. Be2 Rd8 16. Bxa7 Bb4 17. Rd1 Ne4 18. Rxg4 Bxd2+ 19. Kf1 Nf6 20. Rxg7 1-0